000 00976nam a22002417a 4500
999 _c8141
_d8141
003 AR-CdUCM
008 190322b ||||| |||| 00| 0 spa d
040 _aMUNICIPALIDAD PROVINCIAL DEL CUSCO
_cBIBLIOTECA MUNICIPAL DEL CUSCO
041 _hfre
082 _a108 /
_bM88
100 _aMounier, Emmanuel
_922979
245 _aManifiesto al servicio del personalismo :
_bpersonalismo y cristianismo /
260 _aMadrid :
_bTaurus Ediciones,
_c1965.
300 _a360 páginas :
_c17 cm.
440 _aManifiesto al servicio del personalismo.
_n17
_922980
505 _aContenido: El mundo moderno contra la persona -- ¿Que es el personalismo? -- Estructuras fundamentales de una régimen racionalista -- Principios de acción personalista -- Personalismo y cristianismo.
650 _aPersona
_920472
650 _aFilosofía
_9395
650 _aCristianismo
_92910
700 _aGonzáles Campos, Julio D. (traducción)
_922981
942 _2ddc
_cLIBROS
945 _aachl